01084nab a22002297a 4500003000400000005001700004008004100021040000700062100003100069245013700100260007200237300001000309500003800319505013700357505008900494650002000583650002400603650003100627650003600658650002800694773013200722OSt20251231174546.0190605e xxu||||| |||| 00| 0 spa d cPJ aVázquez (h), César A. 10aAlgunas reflexiones sobre el derecho de huelga y los daños y perjuicios en ocasión de su ejercicio /cCésar A. Vázquez (h.). aCiudad Autónoma de Buenos Aires :bThomson Reuters La Ley,c2023. ap. 51 aCita: TR LALEY AR/DOC/944/2023.  aSumario: I. Introducción.— II. El precedente jurisprudencial.— III. Consideraciones jurídicas.— IV. El derecho de huelga.  t¿Te interesa el texto completo? Solicitalo al correo: koha@justierradelfuego.gov.ar 0aDERECHO LABORAL 0aCONTRATO DE TRABAJO 0aLEY DE CONTRATO DE TRABAJO 0aCONVENIOS COLECTIVOS DE TRABAJO 0aASOCIACIONES SINDICALES0 02711dCiudad Autónoma de Buenos Aires : Thomson Reuters La Ley, 1999-2002.tRevista de derecho del trabajo. Nº 3 - Mayo 2023